000 00787nam a2200241 i 4500
001 16699
003 ES-MaACL
005 20230906151357.0
007 t|
008 001025s2000 sp ||||1| spa d
020 _a84-376-1793-6
080 _a821.111(73)-31"19"
100 1 _aCather, Willa.
_937068
245 1 3 _aLa muerte llama al arzobispo /
_cWilla Cather ; edición de Manuel Broncano ; traducción de Julio César Santoyo y Manuel Broncano.
260 _aMadrid :
_bCátedra,
_c2000.
300 _a332 p. ;
_c18 cm.
490 1 _aLetras universales ;
_v297
700 1 _aBroncano Rodríguez, Manuel.
_9142757
700 1 _aSantoyo, Julio-César.
_9103544
830 0 _aLetras universales ;
_v297
_9178013
852 _aES-MaACL
_jL-23736
_bR.128998
999 _c16699
_d16699